000 00298nam a2200097Ia 4500
008 171211s9999 xx 000 0 und d
245 _aBuilding Websites with HTML5 to Work with Mobile Phones
260 _c2011
650 _xWeb Development
856 _uhttp://down.ebook777.com/009/9780240818856.pdf
999 _c350103
_d350103